LEADER 00935nam0-22002771i-450- 001 990008093360403321 005 20050420083735.0 035 $a000809336 035 $aFED01000809336 035 $a(Aleph)000809336FED01 035 $a000809336 100 $a20050420d1986----km-y0itay50------ba 101 0 $aita 102 $aIT 105 $ay-------001yy 200 1 $aAutorizzazioni governative, congrue e sovvenzioni nell'ordinamento ecclesiastico italiano$ela portata innovativa della Legge 20-5-1985, n. 222$fFranco De Bernardi 210 $aMilano$cIl diritto italiano$d1986 215 $a158 p.$d21 cm 676 $a346.450436$v19$zita 700 1$aDe Bernardi,$bFranco$038144 801 0$aIT$bUNINA$gRICA$2UNIMARC 901 $aBK 912 $a990008093360403321 952 $aVI F 749$b1073$fDDA 996 $aAutorizzazioni governative, congrue e sovvenzioni nell'ordinamento ecclesiastico italiano$9753312 997 $aUNINA LEADER 02039nas 2200589-a 450 001 996335972003316 005 20240118213020.0 035 $a(OCoLC)60620963 035 $a(CKB)110975413976004 035 $a(CONSER)--2012263170 035 $a(EXLCZ)99110975413976004 100 $a20050614b19751992 --- - 101 0 $aeng 135 $aurun||||||||| 181 $ctxt$2rdacontent 182 $cc$2rdamedia 183 $acr$2rdacarrier 200 10$aAmerican film 210 $aWashington, D.C. $cAmerican Film Institute$d©1975-©1991 210 2 $aWashington, D.C. $cAmerican Film Instituteand the AMS Foundation for the Arts, Sciences, and Humanities 210 2 $aNew York $cBillboard Publications 210 $aNew York, NY $cBPI Communications 300 $aRefereed/Peer-reviewed 311 $a0361-4751 330 $a"Journal of the film and television arts." 531 $aAM FILM 606 $aMotion pictures$zUnited States$vPeriodicals 606 $aTelevision broadcasting$zUnited States$vPeriodicals 606 $aMotion pictures$2fast$3(OCoLC)fst01027285 606 $aTelevision broadcasting$2fast$3(OCoLC)fst01146714 606 $aCINE$xPUBLICACIONES PERIODICAS$2renib 606 $aMotion Pictures$vPeriodicals 606 $aMotion Pictures 606 $aMotion Pictures as Topic 607 $aUnited States$2fast$1https://id.oclc.org/worldcat/entity/E39PBJtxgQXMWqmjMjjwXRHgrq 608 $aPeriodicals.$2fast 608 $aPeriodical. 615 0$aMotion pictures 615 0$aTelevision broadcasting 615 7$aMotion pictures. 615 7$aTelevision broadcasting. 615 7$aCINE$xPUBLICACIONES PERIODICAS. 615 2$aMotion Pictures 615 2$aMotion Pictures. 615 2$aMotion Pictures as Topic. 676 $a791.43/05 712 02$aAmerican Film Institute. 712 02$aAMS Foundation for the Arts, Sciences, and Humanities. 906 $aJOURNAL 912 $a996335972003316 996 $aAmerican film$92305500 997 $aUNISA